00598 2200169 4500245005200000020002200052250001100074100002100085650001600106005001900122260004000141041001400181084000800195300002300203500019300226336000900419 aCinta Bersemi Saat AksicVerra Tri SatriahText a978-602-17631-0-0 aCet. 1 aVerra Tri Satria aNovel Fiksi a20231010130456 aJakartabPertama Neshi Permaic2013 aIndonesia a813 a164 hlm. :c18 cm. aDi baik heroiknya perjuangan mahasiswa dalam menumbangkan rejim orde baru yang berkuasa selama 32 tahun, ternyata terdapat cerita unik, lucu dan romantis yang mengiringi perjuangan mereka. atext